000 00285nam a2200121Ia 4500
005 20251222143257.0
008 251222s9999||||xx |||||||||||||| ||spa||
082 _a241.1/G22
100 _aGarcía de Haro, Ramón
245 0 _aLa Conciencia Cristiana
264 _bRialp
942 _cLIB
999 _c15184
_d15184